| 000 | 00629nam a2200181Ia 4500 | ||
|---|---|---|---|
| 008 | 090124s9999 xx 000 0 und d | ||
| 082 | _b47578 | ||
| 100 | _aखाडिलकर नीलकंठ (संपादक नवाकाऴ) | ||
| 245 | _a लेखननामा | ||
| 250 | _a1 | ||
| 260 | _c1986 | ||
| 300 | _a203 | ||
| 600 | _aखाडिलकर नीलकंठ (संपादक नवाकाऴ) | ||
| 630 | _a लेखननामा | ||
| 700 | _aखाडिलकर नीलकंठ (संपादक नवाकाऴ) | ||
| 730 | _a लेखननामा | ||
| 942 | _cBOOK | ||
| 999 |
_c113957 _d113957 |
||